00750nam a22002417a 4500001001000000003000900010005001700019007000300036008004100039020001500080040003000095082002500125100004500150245005500195264004000250300002800290336002900318337003500347338002900382650001900411650002300430651005500453000009610DO-SdBNP20250212134718.0ta820701s2000 sp a 000 f spa d a8447301303 aDO-SdBNPbspacBNPHUerda 4aPe863.44bV297gu2221 aVargas Llosa, Mario,d1936-eautor4aut.13aLa guerra del fin del mundo /cMario Vargas Llosa. 4aBarcelona :bRBA Editores,c©1981. a527 páginas ;c23 cm. atexto btxt2rdacontent  asin mediación bn2rdamedia  avolumen bnc2rdacarrier 4aNovela peruana 4aLiteratura peruana 0aBrasilxHistoriay Campaña de Canudos, 1893-1897